Высокотемпературные силикат - кальциевые теплоизоляционные материалы; Ресурсоэффективным технологиям - энергию и энтузиазм молодых

Bibliographic Details
Parent link:Ресурсоэффективным технологиям - энергию и энтузиазм молодых.— 2014.— [С. 302-305]
Main Author: Пуговкина Ю. С.
Corporate Author: Национальный исследовательский Томский политехнический университет (ТПУ) Институт физики высоких технологий (ИФВТ) Кафедра технологии силикатов и наноматериалов (ТСН)
Other Authors: Кутугин В. А. Виктор Александрович (научный руководитель)
Summary:Заглавие с титульного экрана
Language:Russian
Published: 2014
Series:Научные эксперименты
Subjects:
Online Access:http://earchive.tpu.ru/handle/11683/66001
http://www.lib.tpu.ru/fulltext/c/2014/C08/127.pdf
Format: Electronic Book Chapter
KOHA link:https://koha.lib.tpu.ru/cgi-bin/koha/opac-detail.pl?biblionumber=606708

MARC

LEADER 00000naa2a2200000 4500
001 606708
005 20260304161445.0
035 |a (RuTPU)RU\TPU\conf\4087 
035 |a RU\TPU\conf\4086 
090 |a 606708 
100 |a 20140609d2014 k y0rusy50 ca 
101 0 |a rus 
102 |a RU 
135 |a drgn ---uucaa 
181 0 |a i  
182 0 |a b 
200 1 |a Высокотемпературные силикат - кальциевые теплоизоляционные материалы  |f Ю. С. Пуговкина  |g науч. рук. В. А. Кутугин 
203 |a Текст  |c электронный 
225 1 |a Научные эксперименты 
300 |a Заглавие с титульного экрана 
320 |a [Библиогр.: с. 305 (3 назв.)] 
337 |a Adobe Reader 
463 1 |0 (RuTPU)RU\TPU\conf\3591  |t Ресурсоэффективным технологиям - энергию и энтузиазм молодых   |o Сборник научных трудов V Всероссийской конференции студентов элитного технического образования, г. Томск, 25 -27 марта 2014 г.  |f Национальный исследовательский Томский политехнический университет (ТПУ)   |v [С. 302-305]  |d 2014 
610 1 |a труды учёных ТПУ 
610 1 |a электронный ресурс 
610 1 |a высокотемпературные силикаты 
610 1 |a силикаты 
610 1 |a кальцивые материалы 
610 1 |a теплоизоляционные материалы 
700 1 |a Пуговкина  |b Ю. С. 
702 1 |a Кутугин  |b В. А.  |c химик-технолог  |c ассистент Томского политехнического университета, кандидат технических наук  |f 1983-  |g Виктор Александрович  |4 727 
712 0 2 |a Национальный исследовательский Томский политехнический университет (ТПУ)  |b Институт физики высоких технологий (ИФВТ)  |b Кафедра технологии силикатов и наноматериалов (ТСН)  |3 (RuTPU)RU\TPU\col\18694 
801 2 |a RU  |b 63413507  |c 20210709  |g RCR 
856 4 |u http://earchive.tpu.ru/handle/11683/66001 
856 4 |u http://www.lib.tpu.ru/fulltext/c/2014/C08/127.pdf 
942 |c CF